| 000 | 01368nam a22003617a 4500 | ||
|---|---|---|---|
| 003 | CHAP | ||
| 005 | 20220329143759.0 | ||
| 008 | 110811s2004 us b rn 00010 eng d | ||
| 010 | _a101804 | ||
| 011 | _a102776 | ||
| 020 | _a0195076516 | ||
| 035 | _a113465 | ||
| 040 | _cCHAP | ||
| 082 | 1 | 0 |
_a634.9 _bN42 |
| 245 | 0 | 4 |
_aNew vistas in agroforestry : _ba compendium for the 1st World Congress of Agroforestry, 2004 _c/editado por P.K.R. Nair, M.R. Rao, y L.E. Buck |
| 260 |
_aDordrecht : _bKluwer Academic Publishers, _c2004 |
||
| 300 |
_a480 p. : _bilus., mapas |
||
| 490 | 0 |
_aAdvances in agroecology _v; 1 |
|
| 500 | _aReprinted from the journal agroforestry systems, volumes 61 & 62 2004 | ||
| 590 |
_aBATCH-UPD _b10 _c20130110 _lUCH01 _h1658 |
||
| 590 |
_aBATCH-UPD _b10 _c20130410 _lUCH01 _h1046 |
||
| 590 |
_aBATCH-UPD _b10 _c20130913 _lUCH01 _h2214 |
||
| 590 |
_aCONVERSION _b10 _c20130109 _lUCH01 _h1356 |
||
| 650 | 1 | 4 |
_aAgroforestería _xCongreso. _92161 |
| 700 | 0 |
_aBuck, Louise E. _e, ed. _915893 |
|
| 700 | 0 |
_aNair, P. K. Ramachandran _e, ed. _980072 |
|
| 700 | 1 |
_aRao, M.R. _e, ed. _994658 |
|
| 711 | 2 | 2 |
_aWorld Congress of Agroforestry _d(2004 : _cOrlando, Florida) _9122702 |
| 830 | 0 | 0 |
_aAdvances in agroecology _v; 1 _9980 |
| 901 | _aBK | ||
| 942 | _cLIBRO | ||
| 949 |
_a634.9 N42 _bBC _cLIBRO _d33724002246512 _eLIBRO _gI. 258484 _h115548 _i113465 _sb _t$2,604.42 |
||
| 999 |
_c101804 _d101804 |
||